000 00704nam a2200193 a 4500
008 120416s2000 ||||||||||||||||| || u
020 _a0750630949
050 _aNA 970 All
100 _aAllinson, Ken
245 1 0 _aLondon's contemporary architecture: a visitor's guide. (2nd ed.)
250 _a2nd ed.
260 _aOxford:
_bArchitectural Press
_c2000
300 _a158p. : ill.
350 _a0.00
650 _aARCHITECTURE, MODERN--20TH CENTURY--ENGLAND
650 _aARCHITECTURAL DESIGN--EVALUATION
700 _aThornton, Victoria
995 _D0.00
_FCBU-MAIN LIBRARY (Kitwe)
_H1
_I30.00
_M1
_UAVAILABLE
_ZMain Library Open Access Collection
999 _c49494
_d49494